Score 0/16 Timer 03:00
0 Plays Today
Haiku Missing Word % Correct
The Chronicles of
Narnia: The Lion, the
_____, and the Wardrobe
Witch
91.9%
A _____ of Un-
fortunate Events: The Er-
satz Elevator
Series
83.7%
When I _____ myself
in times of trouble, Mother
Mary comes to me
find
83.4%
Our Lawyer Made Us
Change the Name of This Song So
We Wouldn't Get _____
Sued
79.7%
The Assassina-
tion of _____ James by the
Coward Robert Ford
Jesse
77.5%
Dr Strangelove, or
How I Learned to Stop Worry-
ing and Love the ____
Bomb
63.8%
Hogwarts Headmaster
Albus Percival Wulfric
Brian _____
Dumbledore
62.1%
There was a _____ called
Eustace Clarence Scrubb, and he
almost deserved it.
boy
35.7%
Haiku Missing Word % Correct
It was a bright cold
day in April, and the clocks
were striking _____.
thirteen
34.8%
The ____ of
Buckaroo Banzai Across
the 8th Dimension
Adventures
34.3%
One Million Billionth
of a Millisecond on
a _____ Morning
Sunday
31.8%
Please allow me to
introduce myself, I'm a
man of wealth and _____
taste
29.5%
Don't Be a Menace
to South Central While Drinking
Your _____ in the Hood
Juice
28.8%
And the Band Played On:
Politics, People, and the
_____ Epidemic
AIDS
21.1%
The Island of D-
r. Death and Other _____
and Other Stories
Stories
7.4%
I killed the presi-
dent of _____ with a
fork. How have you been?
Paraguay
5.1%

Today's Daily Dose

Remove Ads.
Support Sporcle.
Get the best of Sporcle when you Go Orange. This ad-free experience offers more features, more stats, and more fun while also helping to support Sporcle. Thank you for becoming a member.

You're not logged in!

Compare scores with friends on all Sporcle quizzes.
OR
Log In

Show Comments

Extras

Top Quizzes Today


Score Distribution

Your Account Isn't Verified!

In order to create a playlist on Sporcle, you need to verify the email address you used during registration. Go to your Sporcle Settings to finish the process.

Report this User

Report this user for behavior that violates our Community Guidelines.

Details: